000
00405nam a22001337a 4500
003
SGT
020
_a
8176467715
082
_a
080
_b
S11M,
100
_a
मोरारका, महावीरप्रसाद
245
_a
समाजवाद : एक अध्यन
260
_b
बी. आर पब्लिशिंग कारपोरेशन
_c
2011
300
_a
243
942
_2
ddc
_c
BK
999
_c
31623
_d
31623